[Event "ICS rated blitz match"]
[Site "204.178.125.65"]
[Date "2001.09.25"]
[Round "?"]
[White "Hossa"]
[Black "Dualist"]
[Result "1/2-1/2"]
[WhiteElo "2601"]
[BlackElo "2824"]
[PlyCount "247"]
[EventDate "2001.??.??"]

1. e4 c5 2. Nf3 d6 3. d4 cxd4 4. Nxd4 Nf6 5. Nc3 a6 6. a4 e6 7. Be2 Nc6 8. O-O
Be7 9. Be3 O-O 10. Qd2 d5 11. exd5 exd5 12. Rfe1 Bb4 13. Bd3 Ne4 14. Bxe4 dxe4
15. Nxc6 bxc6 16. Qxd8 Rxd8 17. Bb6 Bxc3 18. Bxd8 Bxe1 19. Rxe1 Rb8 20. b3 Bf5
21. Ba5 f6 22. h3 Re8 23. c4 e3 24. Rxe3 Rxe3 25. fxe3 Bc2 26. b4 Bxa4 27. Bc7
c5 28. bxc5 Bc6 29. Kf2 h5 30. Bd6 a5 31. Bc7 a4 32. Ba5 a3 33. Bc3 Kf7 34. g3
Bd7 35. h4 Ke6 36. e4 Bc6 37. Ke3 a2 38. Bd4 Be8 39. Kd3 Bg6 40. Bc3 Kd7 41.
Ke3 Kc6 42. Kd4 Bh7 43. Bb2 g5 44. Bc3 g4 45. Bb2 f5 46. exf5 Bxf5 47. Bc3 Be6
48. Ba1 Bf7 49. Bb2 Be8 50. Bc3 Bd7 51. Ba1 Bc8 52. Bc3 Kc7 53. Ke4 Be6 54. Kd3
Kc6 55. Kd4 Bg8 56. Bb2 Bh7 57. Ba1 Bg6 58. Bc3 Bb1 59. Bb2 Bc2 60. Kc3 Bf5 61.
Kd4 Kc7 62. Kd5 Bd7 63. Be5+ Kb7 64. Kd6 Bc6 65. Ba1 Be4 66. Bd4 Bf3 67. Bb2
Bg2 68. Bf6 Kc8 69. c6 Bf3 70. c7 Be2 71. c5 Bf3 72. Be5 Be4 73. Bg7 Bf5 74.
Bf6 Bd7 75. Be5 Be8 76. Bd4 Bg6 77. Kc6 Bd3 78. Kb6 Be4 79. Ba1 Bg2 80. Be5 Bf3
81. Bc3 Bd5 82. Bf6 Bc4 83. Ba1 Bf7 84. Bh8 Be8 85. Bc3 Bd7 86. Bg7 Ba4 87. Bf6
Bc2 88. Ba1 Bb3 89. Bb2 Be6 90. Bd4 Bg8 91. Kc6 Bc4 92. Bg7 Bd3 93. Bb2 Be4+
94. Kd6 Bg2 95. Bd4 Bf1 96. Be5 Bc4 97. Ke7 Bd5 98. Kf6 Bc6 99. Kg5 Be8 100.
Kf5 Kb7 101. Kf6 Bc6 102. Ke7 Kc8 103. Kf7 Ba4 104. Kg6 Be8+ 105. Kg7 Kd7 106.
Kf6 Kc8 107. Ke6 Bb5 108. Kd5 Kd7 109. Ke4 Ba6 110. Kf5 Kc6 111. Kg5 Kd5 112.
Bf6 Ke4 113. Kxh5 Kf3 114. Kg6 Kxg3 115. Kf7 Kf4 116. h5 g3 117. h6 g2 118. h7
g1=Q 119. h8=Q Qxc5 120. Qh2+ Ke4 121. Qg2+ Kf4 122. Qh2+ Ke4 123. Qg2+ Kf4
124. Qh2+ {Game drawn by repetition} 1/2-1/2

[Event "ICS rated blitz match"]
[Site "204.178.125.65"]
[Date "2001.09.25"]
[Round "?"]
[White "IgorIvanov"]
[Black "Hossa"]
[Result "0-1"]
[WhiteElo "2479"]
[BlackElo "2610"]
[PlyCount "66"]
[EventDate "2001.??.??"]

1. d4 Nf6 2. c4 e6 3. Nf3 c5 4. d5 exd5 5. cxd5 g6 6. Nc3 Bg7 7. e4 O-O 8. Bd3
Re8 9. O-O d6 10. h3 c4 11. Bc2 b5 12. a3 Bb7 13. Bg5 a6 14. Qd2 Nbd7 15. Rad1
Nc5 16. Qf4 Nh5 17. Qh4 Qa5 18. Nd4 b4 19. axb4 Qxb4 20. Nce2 Bxd4 21. Nxd4
Qxb2 22. g4 Nd3 23. Bxd3 cxd3 24. Be3 Rxe4 25. Rb1 Qa2 26. Rxb7 Qxd5 27. Rfb1
d2 28. R7b4 Nf4 29. Qf6 d1=Q+ 30. Rxd1 Rxd4 31. Qxf4 Rxd1+ 32. Kh2 Re8 33. Bd4
g5 {IgorIvanov resigns} 0-1

[Event "ICS rated blitz match"]
[Site "204.178.125.65"]
[Date "2001.09.25"]
[Round "?"]
[White "Hossa"]
[Black "IgorIvanov"]
[Result "1-0"]
[WhiteElo "2620"]
[BlackElo "2469"]
[PlyCount "75"]
[EventDate "2001.??.??"]

1. e4 c5 2. Nf3 Nc6 3. d4 cxd4 4. Nxd4 g6 5. c4 Nf6 6. Nc3 d6 7. Be2 Nxd4 8.
Qxd4 Bg7 9. Be3 O-O 10. Qd2 Qa5 11. O-O Be6 12. f3 Rfc8 13. Rac1 Bxc4 14. Nd5
Qxd2 15. Nxe7+ Kf8 16. Bxd2 Bxe2 17. Nxc8 Bxf1 18. Kxf1 Ne8 19. b3 f5 20. exf5
gxf5 21. Be3 b6 22. Bf4 Be5 23. Bxe5 dxe5 24. Rc6 b5 25. Nd6 Nxd6 26. Rxd6 Ke7
27. Rd5 Ke6 28. Rxb5 Rc8 29. Rb7 h5 30. Rxa7 Rc1+ 31. Kf2 h4 32. Ra6+ Kd5 33.
Ra5+ Kd4 34. Ra4+ Kd3 35. Rxh4 e4 36. fxe4 fxe4 37. Rh3+ Kd2 38. Re3 {
IgorIvanov resigns} 1-0

[Event "ICS rated blitz match"]
[Site "204.178.125.65"]
[Date "2001.09.25"]
[Round "?"]
[White "IgorIvanov"]
[Black "Hossa"]
[Result "1-0"]
[WhiteElo "2449"]
[BlackElo "2629"]
[PlyCount "142"]
[EventDate "2001.??.??"]

1. d4 d5 2. c4 dxc4 3. Nf3 a6 4. e3 Nf6 5. Bxc4 e6 6. O-O c5 7. Bb3 cxd4 8.
exd4 Bd6 9. Nc3 Bd7 10. Re1 O-O 11. Bg5 Bc6 12. Qe2 Be7 13. Rad1 Nd5 14. Bxe7
Nxe7 15. Ne5 Bd5 16. Nxd5 exd5 17. Nd7 Re8 18. Nc5 Nbc6 19. Nxb7 Qc7 20. Nc5
Nxd4 21. Rxd4 Qxc5 22. Rxd5 Qc6 23. Re5 Ra7 24. h4 Kf8 25. Re4 Qf6 26. Qe3 Rb7
27. Rf4 Rxb3 28. axb3 Qc6 29. Re4 Qb7 30. b4 Qc7 31. Qc5 Qd7 32. h5 h6 33. b5
axb5 34. b4 f6 35. Qe3 Qc7 36. g4 Qb7 37. Qc5 Qd7 38. Rd4 Qb7 39. Qd6 Qa8 40.
Qe6 Nc6 41. Qxe8+ Qxe8 42. Rxe8+ Kxe8 43. Re4+ Kd7 44. f4 Ne7 45. Rd4+ Ke6 46.
Kf2 f5 47. g5 Nc6 48. Ke3 Nxd4 49. Kxd4 Kd6 50. g6 Kc6 51. Ke5 Kd7 52. Kxf5 Kd6
53. Ke4 Kc6 54. Ke5 Kd7 55. f5 Ke7 56. f6+ gxf6+ 57. Kf5 Ke8 58. Ke6 Kf8 59.
Kxf6 Kg8 60. Ke7 Kg7 61. Kd6 Kf6 62. Kc5 Kg7 63. Kxb5 Kf6 64. Kc5 Ke6 65. b5
Kf5 66. g7 Kg5 67. g8=Q+ Kf4 68. Kd4 Kf5 69. Qg6+ Kf4 70. Qf6+ Kg4 71. Ke3 Kxh5
{Hossa resigns} 1-0

[Event "ICS rated blitz match"]
[Site "204.178.125.65"]
[Date "2001.09.25"]
[Round "?"]
[White "Hossa"]
[Black "IgorIvanov"]
[Result "0-1"]
[WhiteElo "2605"]
[BlackElo "2469"]
[PlyCount "121"]
[EventDate "2001.??.??"]

1. d4 Nf6 2. c4 e6 3. Nf3 d5 4. Nc3 Nbd7 5. cxd5 exd5 6. Bf4 Nb6 7. Nb5 Bb4+ 8.
Nd2 O-O 9. Nxc7 Ne4 10. Nxa8 Qf6 11. Qb3 Bxd2+ 12. Bxd2 Qxf2+ 13. Kd1 Qxd4 14.
Qb4 Nc4 15. Kc1 Nexd2 16. Qc3 Qc5 17. e3 Bf5 18. Qd4 Qxd4 19. exd4 Rc8 20. b3
Nxf1 21. bxc4 Ne3 22. Nc7 Rxc7 23. Re1 Rxc4+ 24. Kd2 Rxd4+ 25. Kxe3 Ra4 26. h3
h5 27. Kf2 Be6 28. a3 b5 29. Reb1 a6 30. Rb4 Ra5 31. Ke3 Kf8 32. Kf3 Ke7 33. g4
hxg4+ 34. hxg4 g5 35. Ke3 Kd6 36. Kd3 f6 37. Kc3 Bf7 38. Kb2 Bg6 39. Re1 Be4
40. Rf1 Ke5 41. Kb3 Ra4 42. Rxa4 bxa4+ 43. Kxa4 d4 44. Ka5 d3 45. Rd1 Kd4 46.
Kb4 Bf3 47. Rd2 Bxg4 48. Kb3 Be2 49. Rb2 g4 50. Ka2 g3 51. Rb4+ Ke3 52. Rb3 f5
53. a4 f4 54. Kb2 f3 55. Kc3 g2 56. Rb6 g1=Q 57. Re6+ Kf2 58. Re4 Qc1+ 59. Kd4
d2 60. Ke5 d1=Q 61. Rd4 {Hossa resigns} 0-1

[Event "ICS rated blitz match"]
[Site "204.178.125.65"]
[Date "2001.09.25"]
[Round "?"]
[White "IgorIvanov"]
[Black "Hossa"]
[Result "0-1"]
[WhiteElo "2479"]
[BlackElo "2583"]
[PlyCount "90"]
[EventDate "2001.??.??"]

1. d4 Nf6 2. c4 g6 3. Nc3 d5 4. cxd5 Nxd5 5. e4 Nxc3 6. bxc3 Bg7 7. Bc4 O-O 8.
Ne2 c5 9. Be3 e6 10. h4 cxd4 11. cxd4 b5 12. Bb3 Bb7 13. h5 Bxe4 14. hxg6 Bxg6
15. Rc1 Nd7 16. Nf4 Be4 17. Nh5 Bf6 18. Qg4+ Bg6 19. Nf4 Re8 20. Nxg6 hxg6 21.
Qh3 Nb6 22. d5 exd5 23. Qh7+ Kf8 24. O-O Rc8 25. Bh6+ Ke7 26. Rfe1+ Kd6 27.
Bf4+ Be5 28. Rxe5 Rxe5 29. Re1 f6 30. Qxg6 Kc5 31. Bxe5 fxe5 32. Rxe5 Nc4 33.
Re1 Qd7 34. Rd1 Rh8 35. a4 Qc7 36. g3 Qh7 37. Qxh7 Rxh7 38. axb5 Rb7 39. g4 a5
40. g5 Rxb5 41. Bxc4 dxc4 42. f4 c3 43. g6 c2 44. Rc1 Rb1 45. g7 Rxc1+ {
IgorIvanov resigns} 0-1

[Event "ICS Rated blitz match"]
[Site "204.178.125.65"]
[Date "2001.09.25"]
[Round "?"]
[White "Prophylax"]
[Black "Hossa"]
[Result "0-1"]
[WhiteElo "2168"]
[BlackElo "2594"]
[PlyCount "74"]
[EventDate "2001.??.??"]

1. d4 Nf6 2. f4 e6 3. Nf3 d5 4. e3 c5 5. c3 cxd4 6. cxd4 Nc6 7. Bd3 Nb4 8. Be2
Bd6 9. O-O Bd7 10. a3 Nc6 11. Nc3 Bc7 12. Bd2 O-O 13. Ne5 Qe7 14. b4 Rac8 15.
Kh1 Nxe5 16. fxe5 Ne8 17. Rc1 f6 18. exf6 Nxf6 19. Be1 Ng4 20. Rxf8+ Qxf8 21.
g3 Nxe3 22. Qd3 Nc4 23. Bg4 Qd6 24. Kg2 Nxa3 25. Bd2 Nc4 26. Bf4 Qxb4 27. Rb1
Qa3 28. Rxb7 Bxf4 29. gxf4 Nb6 30. Qe2 Qxc3 31. Bxe6+ Bxe6 32. Qxe6+ Kh8 33.
Qe7 Qd2+ 34. Kg3 Rc3+ 35. Kg4 Qg2+ 36. Kf5 Qg6+ 37. Ke5 Re3# {
Prophylax checkmated} 0-1

[Event "ICS rated blitz match"]
[Site "204.178.125.65"]
[Date "2001.09.25"]
[Round "?"]
[White "Hossa"]
[Black "IgorIvanov"]
[Result "1-0"]
[WhiteElo "2597"]
[BlackElo "2468"]
[PlyCount "81"]
[EventDate "2001.??.??"]

1. d4 Nf6 2. c4 e6 3. Nf3 d5 4. Nc3 Nbd7 5. Bg5 h6 6. Bh4 dxc4 7. e3 Nb6 8. Ne5
c5 9. Bxc4 Nxc4 10. Qa4+ Bd7 11. Qxc4 cxd4 12. Qxd4 Qb6 13. Qxb6 axb6 14. Bxf6
gxf6 15. Nxd7 Kxd7 16. Ke2 Bb4 17. Rhd1+ Ke7 18. Nb5 Rhc8 19. Kf3 Rc5 20. Nd4
Rd5 21. a3 Bd6 22. e4 Rc5 23. Rd2 Be5 24. Rad1 Rac8 25. g4 Rc1 26. h4 Bxd4 27.
Rxc1 Rxc1 28. Rxd4 Rc5 29. Ke3 Rb5 30. b4 f5 31. gxf5 exf5 32. Rd5 Rxd5 33.
exd5 Kd6 34. Kf4 Kxd5 35. Kxf5 b5 36. h5 Kc4 37. Kf6 Kb3 38. Kg7 Kxa3 39. Kxh6
Kxb4 40. Kg7 Kc3 41. h6 {IgorIvanov resigns} 1-0

[Event "ICS rated blitz match"]
[Site "204.178.125.65"]
[Date "2001.09.25"]
[Round "?"]
[White "IgorIvanov"]
[Black "Hossa"]
[Result "1/2-1/2"]
[WhiteElo "2458"]
[BlackElo "2607"]
[PlyCount "122"]
[EventDate "2001.??.??"]

1. d4 Nf6 2. c4 e6 3. Nf3 c5 4. d5 exd5 5. cxd5 g6 6. Nc3 Bg7 7. e4 O-O 8. Bd3
Re8 9. O-O d6 10. h3 c4 11. Bc2 b5 12. a3 Bb7 13. Bg5 a6 14. Qd2 Nbd7 15. Rad1
Nc5 16. Qf4 Nh5 17. Qh4 Qa5 18. Nd4 b4 19. axb4 Qxb4 20. Nce2 Bxd4 21. Nxd4
Qxb2 22. g4 Nd3 23. Bxd3 cxd3 24. Be3 Rxe4 25. Rb1 Qa2 26. Rxb7 Qxd5 27. Rd7
Kg7 28. Nf3 Nf4 29. Ng5 Qxg5 30. Qxg5 Nxh3+ 31. Kh2 Nxg5 32. Bxg5 h6 33. Be3
Rxg4 34. Rxd6 a5 35. Rxd3 a4 36. Ra1 Ra5 37. Bd4+ f6 38. Bc3 Rh5+ 39. Rh3 Rxh3+
40. Kxh3 Rc4 41. Bb2 Kf7 42. Kg2 h5 43. Rd1 Rb4 44. Ba1 Ke6 45. Rc1 Rb6 46. Rc3
Ra6 47. Bb2 g5 48. Rf3 Kf7 49. Ba3 h4 50. Rd3 f5 51. Rd4 Ke6 52. Kh3 Ke5 53.
Rb4 Kd5 54. f4 Re6 55. Bc1 Re1 56. fxg5 Rxc1 57. Rxa4 Ke5 58. Kxh4 Rg1 59. Ra5+
Kf4 60. Ra4+ Ke5 61. Ra5+ Kf4 {Game drawn by mutual agreement} 1/2-1/2

[Event "ICS rated blitz match"]
[Site "204.178.125.65"]
[Date "2001.09.25"]
[Round "?"]
[White "Hossa"]
[Black "IgorIvanov"]
[Result "1-0"]
[WhiteElo "2601"]
[BlackElo "2464"]
[PlyCount "43"]
[EventDate "2001.??.??"]

1. d4 Nf6 2. c4 g6 3. g3 Bg7 4. Bg2 O-O 5. Nc3 c6 6. e4 d5 7. e5 Ne4 8. Nxe4
dxe4 9. Bxe4 c5 10. dxc5 Qa5+ 11. Bd2 Qxc5 12. f4 Qxc4 13. Qe2 Qa4 14. Nf3 Nc6
15. Bc3 Bf5 16. Bxf5 gxf5 17. O-O Rfd8 18. e6 Bxc3 19. exf7+ Kxf7 20. Ng5+ Kg7
21. bxc3 Rd6 22. Qh5 {IgorIvanov resigns} 1-0

[Event "ICS rated blitz match"]
[Site "204.178.125.65"]
[Date "2001.09.25"]
[Round "?"]
[White "Hossa"]
[Black "IgorIvanov"]
[Result "1-0"]
[WhiteElo "2611"]
[BlackElo "2451"]
[PlyCount "63"]
[EventDate "2001.??.??"]

1. d4 Nf6 2. c4 g6 3. g3 Bg7 4. Bg2 O-O 5. Nc3 c6 6. e4 d5 7. e5 Ne4 8. Nxe4
dxe4 9. Bxe4 c5 10. dxc5 Qa5+ 11. Bd2 Qxc5 12. f4 Nc6 13. Qc2 Nd4 14. Qc3 Rd8
15. Qa5 Qxa5 16. Bxa5 b6 17. O-O-O Bg4 18. Rxd4 Rxd4 19. Bxa8 bxa5 20. b3 Rd1+
21. Kc2 Rf1 22. h3 Bf5+ 23. Kc3 f6 24. g4 Bb1 25. Bg2 Rc1+ 26. Kb2 Rc2+ 27.
Kxb1 Rxg2 28. c5 Kf7 29. c6 Ke8 30. Nf3 fxe5 31. Rd1 e4 32. c7 {
IgorIvanov resigns} 1-0

[Event "ICS rated blitz match"]
[Site "204.178.125.65"]
[Date "2001.09.25"]
[Round "?"]
[White "IgorIvanov"]
[Black "Hossa"]
[Result "1/2-1/2"]
[WhiteElo "2442"]
[BlackElo "2620"]
[PlyCount "86"]
[EventDate "2001.??.??"]

1. d4 Nf6 2. c4 g6 3. Nc3 d5 4. cxd5 Nxd5 5. e4 Nxc3 6. bxc3 Bg7 7. Bc4 O-O 8.
Ne2 c5 9. Be3 e6 10. h4 cxd4 11. cxd4 b5 12. Bb3 Bb7 13. h5 Bxe4 14. hxg6 Bxg6
15. Nf4 Nc6 16. Nxg6 hxg6 17. d5 Na5 18. dxe6 Nxb3 19. axb3 Bc3+ 20. Ke2 Qxd1+
21. Raxd1 fxe6 22. Rh6 Rad8 23. Rxg6+ Kf7 24. Rg5 Rxd1 25. Kxd1 a6 26. Rc5 Bb4
27. Rc6 a5 28. Rb6 Rd8+ 29. Ke2 Rd5 30. g4 Bc3 31. f4 a4 32. bxa4 bxa4 33. Ra6
Ba5 34. Bc1 Rc5 35. Bb2 Rc2+ 36. Kd3 Rxb2 37. Rxa5 Rg2 38. Rxa4 Rxg4 39. Ke4
Kf6 40. Ra8 Rh4 41. Rf8+ Ke7 42. Ra8 Kf6 43. Rf8+ Ke7 {
Game drawn by mutual agreement} 1/2-1/2

[Event "ICS rated standard match"]
[Site "204.178.125.65"]
[Date "2001.09.26"]
[Round "?"]
[White "Hossa"]
[Black "BrazilianMaster"]
[Result "0-1"]
[WhiteElo "2299"]
[BlackElo "2627"]
[PlyCount "85"]
[EventDate "2001.??.??"]

1. e4 e5 2. Nf3 Nc6 3. Bb5 a6 4. Ba4 Nf6 5. O-O Be7 6. Re1 b5 7. Bb3 O-O 8. a3
d6 9. c3 Na5 10. Bc2 d5 11. exd5 e4 12. Bxe4 Nxe4 13. Rxe4 Bb7 14. Re1 Bxd5 15.
Nd4 c5 16. Nf5 Bf6 17. a4 b4 18. cxb4 cxb4 19. Nc3 bxc3 20. bxc3 Re8 21. Rxe8+
Qxe8 22. Ne3 Bb3 23. Qg4 Nc4 24. h3 Nxe3 25. fxe3 Rd8 26. Qb4 Qe6 27. a5 Bc4
28. Qb1 Bxc3 29. Ra3 Be5 30. Qc2 Bb8 31. Bb2 Bb5 32. Qc3 Qg6 33. Ra1 Bc6 34. g4
Rd3 35. Qb4 Bd6 36. Qc4 Rxd2 37. Rc1 Bh2+ 38. Kf1 Rxb2 39. Ke1 Bg3+ 40. Kf1
Qf6+ 41. Qf4 Bxf4 42. Rc5 Be5+ 43. Ke1 {Hossa resigns} 0-1

[Event "ICS rated blitz match"]
[Site "204.178.125.65"]
[Date "2001.09.26"]
[Round "?"]
[White "Hossa"]
[Black "NewHal9000"]
[Result "0-1"]
[WhiteElo "2604"]
[BlackElo "2840"]
[PlyCount "124"]
[EventDate "2001.??.??"]

1. d4 d5 2. c4 c6 3. Nc3 Nf6 4. Nf3 e6 5. e3 Nbd7 6. Qc2 Bd6 7. Bd3 O-O 8. O-O
dxc4 9. Bxc4 b5 10. Bd3 Bb7 11. Ng5 h6 12. Nge4 Bc7 13. Nxf6+ Nxf6 14. Bd2 e5
15. dxe5 Bxe5 16. f4 Bd6 17. Ne4 Nxe4 18. Bxe4 Re8 19. a4 Qb6 20. axb5 cxb5 21.
Bxb7 Qxb7 22. Qf5 a5 23. Rxa5 Rxa5 24. Bxa5 Rxe3 25. Bc3 b4 26. Bd4 Re4 27. Be5
Bxe5 28. fxe5 Re2 29. Rf2 g6 30. Qf3 Re1+ 31. Rf1 Qxf3 32. gxf3 Rxe5 33. Kf2
Rh5 34. Kg3 Rc5 35. Rf2 b3 36. Rf1 Kg7 37. Rb1 Kf6 38. Rf1 Rc2 39. Rb1 Kf5 40.
f4 Rd2 41. Re1 f6 42. Rb1 Rd3+ 43. Kf2 Kxf4 44. Ke2 Rh3 45. Rh1 Ke4 46. Kd2 f5
47. Re1+ Kd4 48. Re2 Rd3+ 49. Ke1 Re3 50. Kf1 Rxe2 51. Kxe2 Ke4 52. Kd2 f4 53.
h3 f3 54. Ke1 Ke3 55. h4 f2+ 56. Kf1 h5 57. Kg2 Ke2 58. Kg3 f1=Q 59. Kh2 Qf4+
60. Kh3 Qg4+ 61. Kh2 Kf2 62. Kh1 Qg2# {Hossa checkmated} 0-1

[Event "ICS rated standard match"]
[Site "204.178.125.65"]
[Date "2001.09.26"]
[Round "?"]
[White "NewHal9000"]
[Black "Hossa"]
[Result "1-0"]
[WhiteElo "2617"]
[BlackElo "2295"]
[PlyCount "78"]
[EventDate "2001.??.??"]

1. c4 e5 2. Nc3 Nf6 3. Nf3 d6 4. d4 Nbd7 5. e4 Be7 6. Be2 exd4 7. Nxd4 O-O 8.
O-O Re8 9. f3 c6 10. Nf5 Nb6 11. Nxe7+ Qxe7 12. Qd4 Be6 13. b3 Qf8 14. Bf4 Red8
15. Bg5 Qe7 16. Rad1 Rab8 17. a4 h6 18. Bh4 g5 19. Bg3 Ne8 20. f4 Nc8 21. b4 b6
22. b5 c5 23. Qd3 Nc7 24. e5 Rd7 25. fxg5 dxe5 26. Qe4 Nd6 27. Qxe5 Nde8 28.
Rxd7 Qxd7 29. Rd1 f6 30. gxf6 Qf7 31. Rf1 Rd8 32. Bh5 Qd7 33. f7+ Bxf7 34.
Bxf7+ Qxf7 35. Rxf7 Kxf7 36. Qf5+ Kg7 37. Bxc7 Nxc7 38. Qe5+ Kg6 39. Qxc7 Rd4 {
Hossa resigns} 1-0

[Event "ICS rated standard match"]
[Site "204.178.125.65"]
[Date "2001.09.26"]
[Round "?"]
[White "Hossa"]
[Black "agro"]
[Result "1-0"]
[WhiteElo "2291"]
[BlackElo "2335"]
[PlyCount "139"]
[EventDate "2001.??.??"]

1. d4 Nf6 2. c4 c5 3. d5 e6 4. Nc3 exd5 5. cxd5 d6 6. e4 g6 7. Be2 Bg7 8. Nf3
O-O 9. O-O Re8 10. Qc2 Na6 11. Bxa6 bxa6 12. Bf4 Nh5 13. Bg5 Qc7 14. Nd2 f5 15.
f3 f4 16. Ne2 Rf8 17. Nc4 h6 18. Bh4 g5 19. Be1 Bd7 20. Ba5 Qb8 21. Rab1 Bb5
22. b3 Nf6 23. a4 Bxc4 24. bxc4 Qc8 25. Bc3 Nd7 26. Bxg7 Kxg7 27. Rb2 Rb8 28.
Rxb8 Qxb8 29. Rb1 Qc7 30. Nc1 Rb8 31. Rxb8 Qxb8 32. Nd3 Kf7 33. g3 Ne5 34.
Nxe5+ dxe5 35. Kf2 Qb4 36. gxf4 gxf4 37. Kf1 Ke7 38. h4 h5 39. Kf2 Kd6 40. Qa2
Qc3 41. Kg2 Qe1 42. Qf2 Qc3 43. Kh2 Qxc4 44. Qg2 Qd3 45. Qg6+ Kc7 46. Qxh5 c4
47. Qxe5+ Kb6 48. Qxf4 c3 49. Kg3 c2 50. Qd6+ Ka5 51. Qc7+ Kxa4 52. d6 Qd2 53.
d7 c1=Q 54. Qxc1 Qxc1 55. d8=Q Qg1+ 56. Kf4 a5 57. Qd7+ Kb3 58. Qb5+ Kc2 59.
Qxa5 Qd4 60. h5 Qf6+ 61. Ke3 a6 62. Qa2+ Kc1 63. Qc4+ Kb1 64. f4 Qb6+ 65. Kf3
a5 66. Qf1+ Kb2 67. Qf2+ Qxf2+ 68. Kxf2 a4 69. h6 a3 70. h7 {agro resigns} 1-0

[Event "ICS rated standard match"]
[Site "204.178.125.65"]
[Date "2001.09.26"]
[Round "?"]
[White "BrazilianMaster"]
[Black "Hossa"]
[Result "1-0"]
[WhiteElo "2630"]
[BlackElo "2309"]
[PlyCount "101"]
[EventDate "2001.??.??"]

1. e4 e5 2. Nf3 Nc6 3. Bb5 a6 4. Ba4 Nf6 5. d3 b5 6. Bb3 Be7 7. c3 d5 8. Qe2
dxe4 9. dxe4 Bc5 10. a4 Rb8 11. O-O O-O 12. Rd1 Qe8 13. axb5 Ng4 14. Rd5 Bxf2+
15. Kf1 Ne7 16. h3 Nxd5 17. Bxd5 axb5 18. hxg4 Bb6 19. g5 c6 20. Ba2 Qe7 21.
Be3 Bg4 22. Bxb6 Rxb6 23. Qe3 c5 24. Nbd2 Rd8 25. b4 Be6 26. Bxe6 Rxe6 27. Qxc5
Qe8 28. Ra5 Rb8 29. Qd5 Kh8 30. Nb3 Re7 31. Nc5 Rd8 32. Qa2 Kg8 33. Nh4 g6 34.
Nf3 Qc6 35. Qe2 Rb8 36. Qd3 Qe8 37. Nh2 Qc8 38. Qf3 Ra8 39. Ng4 Rxa5 40. Nh6+
Kf8 41. Qf6 Rc7 42. bxa5 Ke8 43. Qxe5+ Kf8 44. a6 Rxc5 45. Qd6+ Ke8 46. Ng8 Qd8
47. Nf6+ Qxf6+ 48. gxf6 Re5 49. a7 Rf5+ 50. exf5 gxf5 51. a8=Q# {
Hossa checkmated} 1-0

[Event "ICS Rated blitz match"]
[Site "204.178.125.65"]
[Date "2001.09.26"]
[Round "?"]
[White "IgorIvanov"]
[Black "Hossa"]
[Result "1/2-1/2"]
[WhiteElo "2427"]
[BlackElo "2609"]
[PlyCount "194"]
[EventDate "2001.??.??"]

1. d4 Nf6 2. c4 g6 3. Nc3 d5 4. cxd5 Nxd5 5. e4 Nxc3 6. bxc3 Bg7 7. Bc4 O-O 8.
Ne2 c5 9. Be3 e6 10. h4 cxd4 11. cxd4 b5 12. Bb3 Bb7 13. h5 Bxe4 14. hxg6 Bxg6
15. Rc1 a5 16. Nf4 Ra6 17. Nxg6 fxg6 18. Qg4 Qd6 19. Qh4 h5 20. Qg5 a4 21. Bc2
e5 22. d5 Nd7 23. Bd3 e4 24. Be2 Rf5 25. Qd8+ Kh7 26. g4 Rxd5 27. gxh5 g5 28.
h6 Qb4+ 29. Kf1 Rxh6 30. Rxh6+ Kxh6 31. Kg2 Nf6 32. Qc8 Kg6 33. Rc6 Qb2 34. Bg4
Re5 35. Re6 Rxe6 36. Qxe6 Kh6 37. Bf5 Qe2 38. Bxe4 Qg4+ 39. Qxg4 Nxg4 40. Bc6
Nxe3+ 41. fxe3 g4 42. Bxb5 a3 43. e4 Kg5 44. e5 Bxe5 45. Bc4 Kf4 46. Bb3 g3 47.
Bc4 Ke3 48. Bb3 Bd6 49. Bg8 Kf4 50. Bf7 Ke4 51. Bg8 Ke3 52. Bf7 Bf4 53. Bg8 Bb8
54. Bf7 Ke4 55. Bg8 Bc7 56. Bf7 Kf4 57. Bg8 Bb6 58. Bf7 Bf2 59. Bg8 Bc5 60. Bf7
Bd6 61. Bg8 Bb8 62. Bf7 Ke3 63. Bg8 Kd3 64. Bf7 Bd6 65. Bg8 Kc3 66. Bf7 Be5 67.
Bg8 Kb2 68. Bf7 Bf4 69. Bg8 Bd6 70. Bf7 Bb8 71. Bg8 Bf4 72. Bf7 Bd6 73. Bg8 Kb1
74. Bf7 Be5 75. Bg8 Bb8 76. Bf7 Bc7 77. Bg8 Bf4 78. Bf7 Bd6 79. Bg8 Be5 80. Bf7
Kc2 81. Bg8 Kd2 82. Bf7 Bc7 83. Bg8 Kc1 84. Bf7 Kd1 85. Bg8 Ke2 86. Bf7 Kd3 87.
Bg8 Bf4 88. Bf7 Ke4 89. Bg8 Ke3 90. Bf7 Kd2 91. Bg8 Bd6 92. Bf7 Kc3 93. Bg8 Bf4
94. Bf7 Kb2 95. Bg8 Bd2 96. Bf7 Be3 97. Bg8 Bd4 {Game drawn by the 50 move rule
} 1/2-1/2

[Event "ICS rated blitz match"]
[Site "204.178.125.65"]
[Date "2001.09.26"]
[Round "?"]
[White "Hossa"]
[Black "IgorIvanov"]
[Result "1-0"]
[WhiteElo "2601"]
[BlackElo "2448"]
[PlyCount "55"]
[EventDate "2001.??.??"]

1. c4 c5 2. Nf3 g6 3. d4 cxd4 4. Nxd4 Bg7 5. e3 Nf6 6. Bd3 O-O 7. O-O d5 8.
cxd5 Nxd5 9. Kh1 Nc6 10. Nxc6 bxc6 11. Qe2 Nb4 12. Bc4 a5 13. Rd1 Qb6 14. a3
Nd5 15. e4 Nc7 16. Nc3 Ne6 17. Na4 Qa7 18. f3 Nd4 19. Qf2 Ba6 20. Bxa6 Nb3 21.
Qxa7 Rxa7 22. Bc4 Nxa1 23. Be3 Rb7 24. Rxa1 Bxb2 25. Rb1 Rfb8 26. Nc5 Rb6 27.
Nd7 Bd4 28. Rxb6 {IgorIvanov resigns} 1-0

[Event "ICS rated standard match"]
[Site "204.178.125.65"]
[Date "2001.09.26"]
[Round "?"]
[White "BrazilianMaster"]
[Black "Hossa"]
[Result "1-0"]
[WhiteElo "2639"]
[BlackElo "2305"]
[PlyCount "119"]
[EventDate "2001.??.??"]

1. d4 d5 2. c4 c6 3. Nf3 Nf6 4. Nc3 dxc4 5. a4 Bg4 6. Ne5 Bh5 7. f3 c5 8. d5 e6
9. dxe6 Qxd1+ 10. Nxd1 fxe6 11. e4 Nbd7 12. Nxc4 Be7 13. Nc3 O-O 14. Be3 Rad8
15. Na5 Rb8 16. Bf4 e5 17. Bg3 Rfe8 18. Nc4 Bf8 19. O-O-O Re6 20. Nd5 Ne8 21.
Nc7 Re7 22. Nxe8 Bxe8 23. Nd6 Bg6 24. Bc4+ Kh8 25. Bb5 Nb6 26. a5 a6 27. Bxa6
Ra8 28. axb6 Rxa6 29. Kb1 Ra4 30. Bf2 Ra8 31. Rd5 Be8 32. Nxe8 Rexe8 33. Rhd1
c4 34. Rd7 Rab8 35. Rc7 Re6 36. Rdd7 Rbe8 37. Rxb7 Rg6 38. Rbc7 Bd6 39. b7 Bxc7
40. Rxc7 Rd6 41. Rc8 Rdd8 42. Rxd8 Rxd8 43. Ba7 Kg8 44. Kc2 Kf7 45. Kc3 Ke6 46.
b8=Q Rxb8 47. Bxb8 h6 48. Kxc4 g6 49. b4 Ke7 50. Kd5 Kd7 51. Bd6 g5 52. b5 Kc8
53. Kc6 Kd8 54. b6 h5 55. b7 Ke8 56. b8=Q+ Kf7 57. Qf8+ Kg6 58. Bxe5 h4 59.
Qg7+ Kh5 60. Qh7# {Hossa checkmated} 1-0

[Event "ICS rated standard match"]
[Site "204.178.125.65"]
[Date "2001.09.26"]
[Round "?"]
[White "Hossa"]
[Black "BrazilianMaster"]
[Result "0-1"]
[WhiteElo "2301"]
[BlackElo "2643"]
[PlyCount "93"]
[EventDate "2001.??.??"]

1. c4 c6 2. Nc3 d5 3. d4 Nf6 4. cxd5 cxd5 5. Bf4 Nc6 6. e3 a6 7. Bd3 Bg4 8. f3
Bh5 9. g4 Bg6 10. Bxg6 hxg6 11. Qd2 e6 12. O-O-O Rc8 13. Kb1 Na5 14. Rc1 Nc4
15. Qf2 Qa5 16. Nge2 Ba3 17. Rc2 Bb4 18. Rhc1 Rc6 19. h4 O-O 20. Qh2 Be7 21.
Qh1 b5 22. Ng3 Rfc8 23. g5 Na3+ 24. bxa3 Bxa3 25. Nge2 Nh5 26. Be5 Bxc1 27.
Rxc1 b4 28. Nxd5 Qxd5 29. e4 Qb5 30. Qd1 Rxc1+ 31. Nxc1 a5 32. Nb3 Rc3 33. Nc5
Qc4 34. Bd6 a4 35. d5 Ra3 36. Qc2 Qd4 37. Nd7 Rc3 38. Bc5 Qc4 39. Qd1 b3 40. a3
b2 41. Kxb2 Rb3+ 42. Qxb3 axb3 43. a4 Qc2+ 44. Ka3 b2 45. Kb4 b1=Q+ 46. Ka5 Qb7
47. Nf6+ {Hossa resigns} 0-1

[Event "ICS rated blitz match"]
[Site "204.178.125.65"]
[Date "2001.09.26"]
[Round "?"]
[White "Jei"]
[Black "Hossa"]
[Result "0-1"]
[WhiteElo "2170"]
[BlackElo "2611"]
[PlyCount "126"]
[EventDate "2001.??.??"]

1. e4 d5 2. exd5 Qxd5 3. Nc3 Qe6+ 4. Qe2 Nc6 5. Nf3 Qxe2+ 6. Bxe2 Bg4 7. O-O
Nf6 8. d3 e5 9. h3 Bd7 10. Bg5 O-O-O 11. Rfe1 Kb8 12. Bf1 Re8 13. Bh4 Bb4 14.
Bg3 e4 15. dxe4 Bxc3 16. bxc3 Nxe4 17. Nd4 Nxg3 18. Nxc6+ Bxc6 19. fxg3 Bd5 20.
a3 c5 21. Rad1 Rxe1 22. Rxe1 Kc7 23. Bd3 c4 24. Bf1 Kd6 25. Kf2 Kc5 26. Re5 f6
27. Re7 Rg8 28. Rc7+ Kd6 29. Bxc4 Kxc7 30. Bxd5 Rd8 31. Bb3 Kd6 32. Ke3 Ke5 33.
g4 Rd1 34. Ke2 Ra1 35. a4 Ke4 36. g3 Rh1 37. h4 Rh2+ 38. Ke1 Kf3 39. Bc4 Kxg4
40. Be2+ Kxg3 41. h5 g5 42. a5 g4 43. a6 Rxe2+ 44. Kxe2 b6 45. h6 Kh2 46. Kf1
g3 47. Ke2 g2 48. Ke3 g1=Q+ 49. Ke4 Qg6+ 50. Ke3 Qxh6+ 51. Kd3 Qg6+ 52. Ke3
Qg3+ 53. Kd4 h5 54. Ke4 Qxc3 55. Kf5 Qe5+ 56. Kg6 h4 57. Kg7 f5+ 58. Kg6 h3 59.
Kg5 Kg3 60. Kg6 Qe6+ 61. Kg5 h2 62. Kh5 h1=Q+ 63. Kg5 Qh4# {Jei checkmated} 0-1